Where concepts meet the real world A systematic review of ecosystem service indicators and their classification using CICES /

Elmentve itt :
Bibliográfiai részletek
Szerzők: Czúcz Bálint
Arany Ildikó
Potschin-Young Marion
Bereczki Krisztina
Kertész Miklós
Kiss Márton
Aszalós Réka
Haines-Young Roy
Dokumentumtípus: Cikk
Megjelent: 2018
Sorozat:ECOSYSTEM SERVICES 29
Tárgyszavak:
doi:10.1016/j.ecoser.2017.11.018

mtmt:3318459
Online Access:http://publicatio.bibl.u-szeged.hu/37542
LEADER 01058nab a2200289 i 4500
001 publ37542
005 20250828142305.0
008 250828s2018 hu o 000 eng d
022 |a 2212-0416 
024 7 |a 10.1016/j.ecoser.2017.11.018  |2 doi 
024 7 |a 3318459  |2 mtmt 
040 |a SZTE Publicatio Repozitórium  |b hun 
041 |a eng 
100 1 |a Czúcz Bálint 
245 1 0 |a Where concepts meet the real world  |h [elektronikus dokumentum] :  |b A systematic review of ecosystem service indicators and their classification using CICES /  |c  Czúcz Bálint 
260 |c 2018 
300 |a 145-157 
490 0 |a ECOSYSTEM SERVICES  |v 29 
650 4 |a Föld- és kapcsolódó környezettudományok 
700 0 1 |a Arany Ildikó  |e aut 
700 0 2 |a Potschin-Young Marion  |e aut 
700 0 2 |a Bereczki Krisztina  |e aut 
700 0 2 |a Kertész Miklós  |e aut 
700 0 2 |a Kiss Márton  |e aut 
700 0 2 |a Aszalós Réka  |e aut 
700 0 2 |a Haines-Young Roy  |e aut 
856 4 0 |u http://publicatio.bibl.u-szeged.hu/37542/1/13.Whereconceptsmeettherealworld....pdf  |z Dokumentum-elérés